000
00292nam a2200097Ia 4500
008
220120s9999||||xx |||||||||||||| ||und||
100
_a
Amanyu R.N and others
_9
12670
245
0
_a
Pneumatically actuating rammer
260
_a
Coorg Institute of Technology
_b
Ponnampet
_c
2017
650
_a
MECHANICAL
999
_c
138269
_d
138269